<The> Evolution of the regional disparities in the Visegrad group in the years 1995-2014
Regionálne disparity a vzájomné vzťahy diferenciácie a rozvoja v krajinách V4, ako aj celej EÚ. Zhrnutie výsledkov a záverov niekoľkých nedávno publikovaných významných štúdií z tejto oblasti. Štruktúra územných rozdielov krajín EÚ a samostatne aj V4. Skúmanie spojitosti medzi HDP na obyvateľa a ind...
Salvato in:
| Autore principale: | |
|---|---|
| Altri autori: | , |
| Natura: | Capitolo di libro |
| Lingua: | inglese |
| Soggetti: | |
| Tags: |
Nessun Tag, puoi essere il primo ad aggiungerne!!
|
MARC
| LEADER | 00000naa a2200000 4500 | ||
|---|---|---|---|
| 001 | 0227209 | ||
| 005 | 20221019173028.3 | ||
| 041 | 0 | |a eng | |
| 044 | |a SK | ||
| 245 | 1 | 0 | |a <The> Evolution of the regional disparities in the Visegrad group in the years 1995-2014 |c György Iván Neszmélyi, Ildikó Lampertné Akócsi, Emese Bruder |
| 520 | |a Regionálne disparity a vzájomné vzťahy diferenciácie a rozvoja v krajinách V4, ako aj celej EÚ. Zhrnutie výsledkov a záverov niekoľkých nedávno publikovaných významných štúdií z tejto oblasti. Štruktúra územných rozdielov krajín EÚ a samostatne aj V4. Skúmanie spojitosti medzi HDP na obyvateľa a indexom regionálnych disparít skúmaných regiónov. Korelácia medzi diferenciáciou regiónov a stupňom rozvoja zodpovedajúca Wiliamsonovej krivke. | ||
| 610 | 2 | 0 | |a Vyšehradská štvorka |
| 610 | 2 | 0 | |a diferenciácia regionálna |
| 610 | 2 | 0 | |a rozvoj regionálny |
| 610 | 2 | 0 | |a produkt domáci hrubý |
| 610 | 2 | 0 | |a Európska únia |
| 100 | 1 | |a Neszmélyi, György Iván | |
| 700 | 1 | |a Akócsi, Ildikó Lampertné | |
| 700 | 1 | |a Bruder, Emese | |